| 000 | 00753cam a2200205 4500 | ||
|---|---|---|---|
| 001 | WB3901-16 | ||
| 008 | 021218n2002 000 0 eng u | ||
| 035 | _a(Sirsi) u120830 | ||
| 245 | _aHousing cool as winter sets in | ||
| 260 | _c2002 | ||
| 490 |
_aRICS Press Release _v(pr138) 18 December 2002 (2) |
||
| 520 | _aThe latest housing market survey from the RICS, reveals that the housing market is finally showing signs of cooling down as house price inflation has slowed for the third consecutive month. | ||
| 590 | _aWB | ||
| 650 | _aRICS HOUSING MARKET SURVEY ENGLAND AND WALES | ||
| 650 | _aHOUSE PRICES | ||
| 650 | _aINFLATION | ||
| 650 | _aSLOWDOWN | ||
| 690 | _aPROPERTY-RESIDENTIAL PROPERTY-RESIDENTIAL PROPERTY MARKET | ||
| 942 | _n0 | ||
| 999 |
_c71810 _d71810 |
||